| 000 | 00410nam a2200157Ia 4500 | ||
|---|---|---|---|
| 008 | 221030s9999 xx 000 0 und d | ||
| 020 | _a0074624776 | ||
| 041 | _aEnglish | ||
| 100 | _aS. K. Bhattacharya | ||
| 245 | 0 |
_aIndustrial Electronics & Control _cby S. K. Bhattacharya, S. Chatterjee |
|
| 260 |
_bTMH _aNew Delhi _c2004 |
||
| 300 | _a649 | ||
| 650 | _aBB ECE | ||
| 700 | _aS. Chatterjee | ||
| 942 | _cBK | ||
| 999 |
_c17965 _d17965 |
||